Communication and Human Dignity (Record no. 10422)

MARC details
000 -LEADER
fixed length control field 00645nam a2200253 a 4500
020 ## - INTERNATIONAL STANDARD BOOK NUMBER
ISBN
082 00 - DEWEY DECIMAL CLASSIFICATION NUMBER
Classification number 302.23
Author Cutter THO
100 ## - MAIN ENTRY--AUTHOR NAME
Author name Thomas, Pradeep
245 ## - TITLE STATEMENT
Title Communication and Human Dignity
Sub title Asian Christian Perspective
260 ## - PUBLICATION, DISTRIBUTION, ETC. (IMPRINT)
Place of publication Delhi
Name of publisher ISPCK
Year of publication 1995
300 ## - PHYSICAL DESCRIPTION
Number of Pages 130p
500 ## - GENERAL NOTE
General note includes index and biblioraphy
505 2# - FORMATTED CONTENTS NOTE
Formatted contents note Nine Pamphlets
650 ## - SUBJECT ADDED ENTRY--TOPICAL TERM
Topical Term Mass Media
650 ## - SUBJECT ADDED ENTRY--TOPICAL TERM
Topical Term Christianity And Mass Media
942 ## - ADDED ENTRY ELEMENTS (KOHA)
Koha item type Books
700 1# -
-- Thomas, Pradeep
Holdings
Collection code Home library Current library Date acquired Cost, normal purchase price Full call number Accession Number Koha item type
  Henry Martyn Institute Library Henry Martyn Institute Library 08/01/2007 75.00 302.23 THO 018321 Books
                   Copyright © 2026 | Henry Martyn Institute | Hyderabad | TS-500052 | INDIA | Implemented by hmi.edu.in
Hit-Count:

Powered by Koha